Notes from a Spanish Diary/ (Record no. 208079)

MARC details
000 -LEADER
fixed length control field 00614nam a22001817a 4500
005 - DATE AND TIME OF LATEST TRANSACTION
control field 20250113094641.0
010 ## - LCCN (DPL NO)
LC control number ENG-143152
020 ## - INTERNATIONAL STANDARD BOOK NUMBER
Terms of availability 850.00
International Standard Book Number 9789386906014
035 ## - SYSTEM CONTROL NUMBER
System control number EN-126684
037 ## - SOURCE OF ACQUISITION
Source of stock number/acquisition DBAD
082 ## - DEWEY DECIMAL CLASSIFICATION NUMBER
Classification number 808.883
100 ## - MAIN ENTRY--PERSONAL NAME
Personal name Biswas, Ranjita
245 ## - TITLE STATEMENT
Title Notes from a Spanish Diary/
Statement of responsibility, etc By Ranjita Biswas
260 ## - PUBLICATION, DISTRIBUTION, ETC. (IMPRINT)
Place of publication, distribution, etc Okhla Industrial Area
Name of publisher, distributor, etc Niyogi Books
Date of publication, distribution, etc 2017
270 ## - ADDRESS
Address Block D, Building No. 77, Okhla Industrial Area, Phase-I,
City New Delhi
Postal code 110020
Electronic mail address niyogibooks@gmail.com
Telephone number 911126816301
-- 26818960
300 ## - PHYSICAL DESCRIPTION
Extent 298p.
Dimensions 23cm(hb)
942 ## - ADDED ENTRY ELEMENTS (KOHA)
Source of classification or shelving scheme Dewey Decimal Classification
Item type English Books
Classification part 808.883
Call number suffix BIS
Holdings
Withdrawn status Lost status Not for loan Collection code Home library Current library Date acquired Source of acquisition Cost, normal purchase price Full call number Barcode Copy number Cost, replacement price Koha item type
      Non-fiction Kadipur Kadipur 06/01/2025 DBAD 850.00 808.883 BIS EN-126684 1 850.00 English Books

© Delhi Public Library
Hit Counter
free hit counter